fire type pokémon - Statistics

General Stats
  • This quiz has been taken 10 times
  • The average score is 52 of 87
Answer Stats
Answer % Correct
charizard
100%
blaziken
88%
charmander
88%
charmeleon
88%
flareon
88%
ninetales
88%
vulpix
88%
arcanine
75%
cyndaquil
75%
groudon
75%
growlith
75%
infernape
75%
magby
75%
magmar
75%
moltres
75%
quilava
75%
torchic
75%
typhlosion
75%
armarouge
63%
camerupt
63%
castform
63%
chimchar
63%
cinderace
63%
combusken
63%
delphox
63%
emboar
63%
entei
63%
fletchinder
63%
heatmor
63%
heatran
63%
incineroar
63%
magcargo
63%
magmortar
63%
marowak
63%
ogerpon
63%
ponyta
63%
rapidash
63%
rotom
63%
salazzle
63%
scorbunny
63%
skeledirge
63%
slugma
63%
tauros
63%
tepig
63%
blacephalon
50%
braixen
50%
carkol
50%
centiskorch
50%
ceruledge
50%
chandelure
50%
charcadet
50%
chi-yu
50%
coalossal
50%
crocalor
50%
darmanitan
50%
darumaka
50%
fennekin
50%
fuecoco
50%
gouging fire
50%
ho-oh
50%
houndoom
50%
houndour
50%
iron moth
50%
lampent
50%
larvesta
50%
litleo
50%
litten
50%
litwick
50%
monferno
50%
numel
50%
oricorio
50%
pansear
50%
pignite
50%
pyroar
50%
raboot
50%
reshiram
50%
salandit
50%
scovillain
50%
simisear
50%
sizzlipede
50%
torkoal
50%
torracat
50%
turtonator
50%
victini
50%
volcanion
50%
volcarona
50%
talonflame
38%
No matching quizzes found
Score Distribution
Percent of People with Each Score
Percentile by Number Answered
Your Score History
You have not taken this quiz